<?xml version="1.0" encoding="UTF-8"?>
<marc:record xmlns:marc="http://www.loc.gov/MARC21/slim">
   <marc:leader>00000nam a2200000 a 4500</marc:leader>
   <marc:datafield ind1=" " ind2=" " tag="653">
      <marc:subfield code="a">Sommer</marc:subfield>
   </marc:datafield>
   <marc:datafield ind1=" " ind2=" " tag="653">
      <marc:subfield code="a">Weg</marc:subfield>
   </marc:datafield>
   <marc:datafield ind1=" " ind2=" " tag="653">
      <marc:subfield code="a">Pilgern</marc:subfield>
   </marc:datafield>
   <marc:datafield ind1=" " ind2=" " tag="653">
      <marc:subfield code="a">Kirche</marc:subfield>
   </marc:datafield>
   <marc:datafield ind1="0" ind2="0" tag="245">
      <marc:subfield code="a">Leben jetzt Juli/August 2021</marc:subfield>
   </marc:datafield>
   <marc:datafield ind1="0" ind2="0" tag="245">
      <marc:subfield code="b">Das Magazin der Steyler Missionare</marc:subfield>
   </marc:datafield>
   <marc:datafield ind1="0" ind2="0" tag="245">
      <marc:subfield code="c">Leben</marc:subfield>
   </marc:datafield>
   <marc:datafield ind1=" " ind2="1" tag="264">
      <marc:subfield code="a">Nettetal</marc:subfield>
      <marc:subfield code="b">Steyler Missionare </marc:subfield>
      <marc:subfield code="c">2021</marc:subfield>
   </marc:datafield>
   <marc:datafield ind1="1" ind2=" " tag="490">
      <marc:subfield code="a">Leben jetzt</marc:subfield>
   </marc:datafield>
   <marc:datafield ind1=" " ind2=" " tag="250">
      <marc:subfield code="a">2021 / 07</marc:subfield>
   </marc:datafield>
   <marc:datafield ind1="1" ind2=" " tag="520">
      <marc:subfield code="a">Ist die Kirche noch zu retten?&lt;br/&gt;Wie kann man junge Menschen vom Glauben überzeugen? Fragen wie diese hat unser Leserbeirat gestellt. &lt;br/&gt;Wir haben Antworten gesucht&lt;br/&gt;Überraschung!&lt;br/&gt;Kinder lieben sie, wir mögen unser Leben lieber berechenbar.&lt;br/&gt;Schade! Über den Wert des Unerwarteten&lt;br/&gt;Auf dem Weg sein -&lt;br/&gt;Übers Aufbrechen und Ankommen, und warum Umwege uns oft weiterbringen. &lt;br/&gt;Plus: Prozessionen, Pilgern - Christen sind oft unterwegs.&lt;br/&gt;Erhört Gott uns eher, wenn wir gehen?&lt;br/&gt;Den Sommer genießen:&lt;br/&gt;Kneipp-Tips für heiße Sommertage &lt;br/&gt;Antleitung zum Nichtstun&lt;br/&gt;Mit Johannisbeeren kochen&lt;br/&gt;Schöne Ferienlektüre&lt;br/&gt;Witze unserer Leser&lt;br/&gt;Verschämte Armut &lt;br/&gt;Die traurige Kehrseite einer beliebten Urlaubinsel:&lt;br/&gt;ein Besuch auf La Gomera </marc:subfield>
   </marc:datafield>
   <marc:datafield ind1=" " ind2=" " tag="041">
      <marc:subfield code="a">ger</marc:subfield>
   </marc:datafield>
   <marc:datafield ind1="1" ind2=" " tag="521">
      <marc:subfield code="a">0</marc:subfield>
   </marc:datafield>
   <marc:datafield ind1=" " ind2=" " tag="300">
      <marc:subfield code="a">63 S.</marc:subfield>
   </marc:datafield>
</marc:record>
